00873nam a2200265 u 450000100100000000500170001000800410002702000180006804100090008624500670009525000120016226000350017430000110020949000150022050500360023550500550027150500400032660000530036663000520041965000210047165000260049270000360051870000290055470000240058300003477920200120222228.0091120s2007 sp er 000 p spa d a97884968220920 a-spa01a¡Mio cid! /cAntonio Orejudo, Luisgé Martín, Rafael Reig. a1a. ed. aMadrid :b451 Editores,c2007. a108 p. 0a451.Re:v10 tEl destierro /rAntonio Orejudo0 tLas bodas de las hijas del Cid /rLuigé Martín0 tLa afrenta de Corpes /rRafael Reig04aCiddca. 1043-1099xCrítica e interpretación04aCantar de Mio CidxCrítica e interpretación14aPoesía épica24aLiteratura española1 aOrejudo Utrilla, Antoniod1963-1 aMartín, Luis G.d1962-1 aReig, Rafaeld1963-